|
|
|
|
| LEADER |
00000nam0a2200000 4500 |
| 001 |
76718 |
| 005 |
20231031091855.0 |
| 010 |
|
|
|a 5020335185
|b 450 экз.
|
| 021 |
|
|
|a RU
|b 05-8738
|9 05-456
|
| 035 |
|
|
|a (RuTPU)RU\TPU\book\82237
|
| 090 |
|
|
|a 76718
|
| 100 |
|
|
|a 20050503d2005 k u0rusy5002 ca
|
| 101 |
0 |
|
|a rus
|
| 102 |
|
|
|a RU
|
| 105 |
|
|
|a a z 001zy
|
| 200 |
1 |
|
|a В поисках себя. Народы Севера и Сибири в постсоветских трансформациях
|f Российская академия наук, Институт этнологии и антропологии им. Н. Н. Миклухо-Маклая; под ред. Е. А. Пивневой и Д. А. Функ
|
| 210 |
|
|
|a Москва
|c Наука
|d 2005
|
| 215 |
|
|
|a 215, [1] с.
|d 22 см.
|c ил
|
| 320 |
|
|
|a Библиогр. в конце статей
|
| 330 |
|
|
|a В книге рассматриваются проблемы поиска аборигенными народами Севера оптимальных форм диалога с иными культурами и властными структурами, поиска новых и своих исторических имен, утраченной веры, самих себя. Очерченный круг проблем анализируется на основе новейших материалов, полученных в ходе экспедиционных работ среди хантов, манси, ненцев, эвенков, камчадалов, якутов, хакасов-сагайцев. Для специалистов-этнологов и широкого круга читателей, интересующихся современным положением и культурой народов Сибири.
|
| 610 |
1 |
|
|a история
|
| 610 |
1 |
|
|a Россия
|
| 610 |
1 |
|
|a этнография
|
| 610 |
1 |
|
|a Север
|
| 610 |
1 |
|
|a Сибирь
|
| 610 |
1 |
|
|a народы
|
| 610 |
1 |
|
|a 20 век
|
| 610 |
1 |
|
|a 21 век
|
| 610 |
1 |
|
|a эвенки
|
| 610 |
1 |
|
|a ненцы
|
| 610 |
1 |
|
|a малочисленные народы
|
| 610 |
1 |
|
|a камчадалы
|
| 610 |
1 |
|
|a якуты
|
| 610 |
1 |
|
|a культура
|
| 610 |
1 |
|
|a шорцы
|
| 610 |
1 |
|
|a быт
|
| 610 |
1 |
|
|a традиции
|
| 610 |
1 |
|
|a реформы
|
| 686 |
|
|
|a Т52(25)
|v LBC/SL-A
|2 rubbk
|
| 702 |
|
1 |
|a Пивнева
|b Е. А.
|g Елена Анатольевна
|4 340
|
| 702 |
|
1 |
|a Функ
|b Д. А.
|g Дмитрий Анатольевич
|4 340
|
| 712 |
0 |
2 |
|a Российская академия наук
|b Институт этнологии и антропологии им. Н. Н. Миклухо-Маклая
|2 stltpush
|3 (RuTPU)RU\TPU\col\377
|
| 801 |
|
0 |
|a RU
|b RKP
|c 20050323
|g PSBO
|
| 801 |
|
1 |
|a RU
|b 63413507
|c 20050503
|g PSBO
|
| 801 |
|
2 |
|a RU
|b 63413507
|c 20130507
|g PSBO
|
| 942 |
|
|
|c BK
|